| 000 | 00934pam a2200265 a 4500 | ||
|---|---|---|---|
| 001 | 2365 | ||
| 005 | 20231121134952.0 | ||
| 020 |
_a0689713991 : _c$3.95 ($4.95 Can.) |
||
| 040 |
_aDLC _cDLC _dDLC _beng |
||
| 050 | 1 | 0 |
_aPZ7.R982 _bHlk 1990 |
| 082 | 0 | 0 |
_a[E] _220 |
| 100 | 1 | _aRylant, Cynthia | |
| 245 | 1 | 0 |
_aHenry and Mudge : _bthe first book of their adventures / _cstory by Cynthia Rylant ; pictures by Suçie Stevenson. |
| 250 | _aFirst Scholastic printing, September 2003 | ||
| 260 |
_aNew York : _bScholastic, _c1987 |
||
| 300 |
_a39 pages : _bcolor illustrations _c22 cm |
||
| 505 | _aH | ||
| 520 | _aHenry, feeling lonely on a street without any other children, finds companionship and love in a big dog named Mudge. | ||
| 521 |
_a460 _bLexile |
||
| 521 |
_aH _bRaz-Plus |
||
| 650 | 1 |
_aDogs _xFiction. |
|
| 700 | 1 |
_aStevenson, Suçie _eillustrator |
|
| 906 |
_a7 _bcbc _corignew _d1 _eocip _f19 _gy-gencatlg |
||
| 942 |
_2ddc _cBK _n0 |
||
| 999 |
_c2365 _d2365 |
||